Computational Fluid Flow and Heat Transfer (Record no. 609691)

000 -LEADER
fixed length control field 00450nam a22001577a 4500
020 ## - INTERNATIONAL STANDARD BOOK NUMBER
International Standard Book Number 8173195226
040 ## - CATALOGING SOURCE
Transcribing agency NUST
082 ## - DEWEY DECIMAL CLASSIFICATION NUMBER
Classification number 536.25
Author Mark COM
100 ## - MAIN ENTRY--PERSONAL NAME
Personal name Muralidhra,K
9 (RLIN) 123519
110 ## - MAIN ENTRY--CORPORATE NAME
Corporate name or jurisdiction name as entry element Sundarajan ,T
9 (RLIN) 123520
245 ## - TITLE STATEMENT
Title Computational Fluid Flow and Heat Transfer
250 ## - EDITION STATEMENT
Edition statement Second Edition
260 ## - PUBLICATION, DISTRIBUTION, ETC.
Place of publication, distribution, etc. New Delhi:
Name of publisher, distributor, etc. Narosa Publishing House ,
Date of publication, distribution, etc. 2007.
650 ## - SUBJECT ADDED ENTRY--TOPICAL TERM
Topical term or geographic name entry element Computational Fluid Flow and Heat Transfer
9 (RLIN) 123521
942 ## - ADDED ENTRY ELEMENTS (KOHA)
Source of classification or shelving scheme
Koha item type Book

No items available.

© 2023 Central Library, National University of Sciences and Technology. All Rights Reserved.